|
|
|
|
| LEADER |
00000cam a22000004a 4500 |
| 001 |
musev2_28451 |
| 003 |
MdBmJHUP |
| 005 |
20230905043019.0 |
| 006 |
m o d |
| 007 |
cr||||||||nn|n |
| 008 |
100414s2003 ohu o 00 0 eng d |
| 020 |
|
|
|a 9780814273531
|
| 020 |
|
|
|z 081427353X
|
| 020 |
|
|
|z 9780814209523
|
| 020 |
|
|
|z 0814209521
|
| 035 |
|
|
|a (OCoLC)606999732
|
| 040 |
|
|
|a MdBmJHUP
|c MdBmJHUP
|
| 100 |
1 |
|
|a Martinson, Deborah,
|d 1946-
|
| 245 |
1 |
0 |
|a In the Presence of Audience :
|b The Self in Diaries and Fiction /
|c Deborah Martinson.
|
| 264 |
|
1 |
|a Columbus :
|b Ohio State University Press,
|c [2003]
|
| 264 |
|
3 |
|a Baltimore, Md. :
|b Project MUSE,
|c 2015
|
| 264 |
|
4 |
|c ©[2003]
|
| 300 |
|
|
|a 1 online resource (192 pages).
|
| 336 |
|
|
|a text
|b txt
|2 rdacontent
|
| 337 |
|
|
|a computer
|b c
|2 rdamedia
|
| 338 |
|
|
|a online resource
|b cr
|2 rdacarrier
|
| 505 |
0 |
|
|a Introduction : in the presence of audience : the self in diaries and fiction -- Virginia Woolf's diary : "whom do I tell when I tell a blank page?" -- Katherine Mansfield : " 'damning little notebooks' tell their own story" -- Violet Hunt : mythmaking in "her book of impressions" -- Doris Lessing's The golden notebook : "an exposed position."
|
| 506 |
0 |
|
|a Open Access
|f Unrestricted online access
|2 star
|
| 588 |
|
|
|a Description based on print version record.
|
| 650 |
|
7 |
|a Women in literature.
|2 fast
|0 (OCoLC)fst01177912
|
| 650 |
|
7 |
|a Women authors, English
|x Biography.
|2 fast
|0 (OCoLC)fst01177256
|
| 650 |
|
7 |
|a Women and literature.
|2 fast
|0 (OCoLC)fst01177093
|
| 650 |
|
7 |
|a Self in literature.
|2 fast
|0 (OCoLC)fst01111462
|
| 650 |
|
7 |
|a English prose literature.
|2 fast
|0 (OCoLC)fst00912357
|
| 650 |
|
7 |
|a English diaries
|x Women authors.
|2 fast
|0 (OCoLC)fst00910735
|
| 650 |
|
7 |
|a Authors and readers.
|2 fast
|0 (OCoLC)fst00821738
|
| 650 |
|
7 |
|a LITERARY CRITICISM
|x General.
|2 bisacsh
|
| 650 |
|
6 |
|a Moi (Psychologie) dans la litterature.
|
| 650 |
|
6 |
|a Femmes dans la litterature.
|
| 650 |
|
6 |
|a Écrivaines anglaises
|x Biographies
|x Histoire et critique.
|
| 650 |
|
6 |
|a Écrivains et lecteurs
|z Grande-Bretagne
|x Histoire
|y 20e siecle.
|
| 650 |
|
6 |
|a Femmes et litterature
|z Grande-Bretagne
|x Histoire
|y 20e siecle.
|
| 650 |
|
6 |
|a Prose anglaise
|y 20e siecle
|x Histoire et critique.
|
| 650 |
|
6 |
|a Écrits de femmes anglais
|x Histoire et critique.
|
| 650 |
|
6 |
|a Journaux intimes anglais
|x Histoire et critique.
|
| 650 |
|
0 |
|a English literature
|x Women authors
|x History and criticism.
|
| 650 |
|
0 |
|a English diaries
|x History and criticism.
|
| 650 |
|
0 |
|a Self in literature.
|
| 650 |
|
0 |
|a Women in literature.
|
| 650 |
|
0 |
|a Women authors, English
|x Biography
|x History and criticism.
|
| 650 |
|
0 |
|a Authors and readers
|z Great Britain
|x History
|y 20th century.
|
| 650 |
|
0 |
|a Women and literature
|z Great Britain
|x History
|y 20th century.
|
| 650 |
|
0 |
|a English prose literature
|y 20th century
|x History and criticism.
|
| 650 |
|
0 |
|a English diaries
|x Women authors
|x History and criticism.
|
| 600 |
1 |
7 |
|a Woolf, Virginia,
|d 1882-1941.
|2 fast
|0 (OCoLC)fst00033879
|
| 600 |
1 |
7 |
|a Mansfield, Katherine,
|d 1888-1923.
|2 fast
|0 (OCoLC)fst00034082
|
| 600 |
1 |
7 |
|a Hunt, Violet,
|d 1862-1942.
|2 fast
|0 (OCoLC)fst00015125
|
| 600 |
1 |
6 |
|a Hunt, Violet,
|d 1862-1942
|v Journal intime.
|
| 600 |
1 |
6 |
|a Woolf, Virginia,
|d 1882-1941
|v Journal intime.
|
| 600 |
1 |
6 |
|a Mansfield, Katherine,
|d 1888-1923
|v Journal intime.
|
| 600 |
1 |
6 |
|a Lessing, Doris May,
|d 1919-
|t Golden notebook.
|
| 600 |
1 |
1 |
|a Lessing, Doris,
|d 1919-2013.
|t Golden notebook.
|
| 600 |
1 |
1 |
|a Mansfield, Katherine,
|d 1888-1923
|x Diaries.
|
| 600 |
1 |
1 |
|a Woolf, Virginia,
|d 1882-1941
|x Diaries.
|
| 600 |
1 |
1 |
|a Hunt, Violet,
|d 1862-1942
|x Diaries.
|
| 600 |
1 |
0 |
|a Hunt, Violet,
|d 1862-1942
|x Diaries.
|
| 600 |
1 |
0 |
|a Woolf, Virginia,
|d 1882-1941
|x Diaries.
|
| 600 |
1 |
0 |
|a Mansfield, Katherine,
|d 1888-1923
|x Diaries.
|
| 600 |
1 |
0 |
|a Lessing, Doris,
|d 1919-2013.
|t Golden notebook.
|
| 630 |
0 |
7 |
|a Golden notebook (Lessing, Doris)
|2 fast
|0 (OCoLC)fst01898085
|
| 651 |
|
7 |
|a Great Britain.
|2 fast
|0 (OCoLC)fst01204623
|
| 655 |
|
7 |
|a History.
|2 fast
|0 (OCoLC)fst01411628
|
| 655 |
|
7 |
|a Diaries.
|2 fast
|0 (OCoLC)fst01423794
|
| 655 |
|
7 |
|a Criticism, interpretation, etc.
|2 fast
|0 (OCoLC)fst01411635
|
| 655 |
|
7 |
|a Electronic books.
|2 local
|
| 710 |
2 |
|
|a Project Muse.
|e distributor
|
| 830 |
|
0 |
|a Book collections on Project MUSE.
|
| 856 |
4 |
0 |
|z Texto completo
|u https://projectmuse.uam.elogim.com/book/28451/
|
| 945 |
|
|
|a Project MUSE - Archive Complete Supplement III
|
| 945 |
|
|
|a Project MUSE - Archive Literature Supplement III
|